| 000 | 00852cam a2200241 a 4500 | ||
|---|---|---|---|
| 001 | 000013564 | ||
| 005 | 20250707112615.0 | ||
| 008 | 830113s1969 ve a b f001 0 spa d | ||
| 040 |
_aDO-SdBNP _bspa _cLC _dBNPHU |
||
| 082 |
_a330 _bP452t |
||
| 100 | 1 |
_aPernaut Ardanaz, Manuel. _927587 |
|
| 245 | 1 | 0 |
_aTeoría económica / _cManuel Pernaut Ardanaz. |
| 260 |
_aCaracas : _bUniversidad Católica Andres Bello, Facultad de Economía, _c1969. |
||
| 300 |
_av. : _bil. ; _c25 cm. |
||
| 500 | _aLa biblioteca sólo posee el volumen 2. | ||
| 505 | 0 | _aIncluye índice alfabético de autores y materias. | |
| 504 | _aIncluye notas y referencias bibliográficas al pie de las páginas. | ||
| 650 | 0 |
_aEconomia _985383 |
|
| 650 | 4 |
_aTeoria económica _930923 |
|
| 650 | 4 |
_aTeoria monetaria _930924 |
|
| 910 | _aCatalogación derivada / LC | ||
| 049 | _aBNGR | ||
| 999 |
_c13186 _d13186 |
||